<?xml version="1.0" encoding="UTF-8"?>
<record
    xmlns:xsi="http://www.w3.org/2001/XMLSchema-instance"
    xsi:schemaLocation="http://www.loc.gov/MARC21/slim http://www.loc.gov/standards/marcxml/schema/MARC21slim.xsd"
    xmlns="http://www.loc.gov/MARC21/slim">

  <leader>04841nam a2200505Ia 4500</leader>
  <controlfield tag="001">dia_1637</controlfield>
  <controlfield tag="003">CHAP</controlfield>
  <controlfield tag="005">20240809105139.0</controlfield>
  <controlfield tag="007">ta</controlfield>
  <controlfield tag="008">220117s2016    mx ado frm    001 0 spa d</controlfield>
  <datafield tag="010" ind1=" " ind2=" ">
    <subfield code="a">172387</subfield>
  </datafield>
  <datafield tag="040" ind1=" " ind2=" ">
    <subfield code="c">CHAP</subfield>
    <subfield code="a">mxchpua</subfield>
    <subfield code="e">rda</subfield>
  </datafield>
  <datafield tag="041" ind1="0" ind2=" ">
    <subfield code="a">spa</subfield>
    <subfield code="b">eng</subfield>
  </datafield>
  <datafield tag="090" ind1=" " ind2=" ">
    <subfield code="a">Tesis </subfield>
    <subfield code="b">J83 </subfield>
    <subfield code="c">2016</subfield>
  </datafield>
  <datafield tag="100" ind1="1" ind2=" ">
    <subfield code="a">Ju&#xE1;rez Rodr&#xED;guez, Martha Mar&#xED;a</subfield>
  </datafield>
  <datafield tag="240" ind1="1" ind2="0">
    <subfield code="a">In vitro antibacterial effect of isolated lactic acid bacteria on Helicobacter pylori.</subfield>
    <subfield code="l">Espa&#xF1;ol</subfield>
  </datafield>
  <datafield tag="245" ind1="1" ind2="0">
    <subfield code="a">Efecto antibacteriano de aislamientos de bacterias &#xE1;cido l&#xE1;cticas sobre Helicobacter pylori in vitro /</subfield>
    <subfield code="c">Martha Mar&#xED;a Ju&#xE1;rez Rodr&#xED;guez</subfield>
  </datafield>
  <datafield tag="264" ind1=" " ind2=" ">
    <subfield code="a">Chapingo, M&#xE9;xico :</subfield>
    <subfield code="b">El autor,</subfield>
    <subfield code="c">2016</subfield>
  </datafield>
  <datafield tag="300" ind1=" " ind2=" ">
    <subfield code="a">iv, 68 hojas :</subfield>
    <subfield code="b">ilustraciones, gr&#xE1;ficas, diagramas, tablas, fotos +</subfield>
    <subfield code="e">1 CD-ROM</subfield>
  </datafield>
  <datafield tag="336" ind1=" " ind2=" ">
    <subfield code="2">rdacontent</subfield>
    <subfield code="a">texto</subfield>
    <subfield code="b">txt</subfield>
  </datafield>
  <datafield tag="337" ind1=" " ind2=" ">
    <subfield code="2">rdamedia</subfield>
    <subfield code="a">no mediado</subfield>
    <subfield code="b">n</subfield>
  </datafield>
  <datafield tag="338" ind1=" " ind2=" ">
    <subfield code="2">rdacarrier</subfield>
    <subfield code="a">volumen</subfield>
    <subfield code="b">nc</subfield>
  </datafield>
  <datafield tag="500" ind1=" " ind2=" ">
    <subfield code="a">El CD contiene reporte y seminario</subfield>
  </datafield>
  <datafield tag="502" ind1=" " ind2=" ">
    <subfield code="a">Tesis </subfield>
    <subfield code="b">(Ingeniero Agroindustrial) -- </subfield>
    <subfield code="c">UACh. Departamento de Ingenier&#xED;a Agroindustrial, </subfield>
    <subfield code="d">2016</subfield>
  </datafield>
  <datafield tag="504" ind1=" " ind2=" ">
    <subfield code="a">Bibliograf&#xED;a: hojas 58-66</subfield>
  </datafield>
  <datafield tag="520" ind1="3" ind2=" ">
    <subfield code="a">Helicobacter pylori es considerado un pat&#xF3;geno altamente prevalente relacionado con enfermedades gastrointestinales, sobre todo en pa&#xED;ses emergentes, con porcentajes de infecci&#xF3;n mayores al 75 %. Debido a que cada vez m&#xE1;s, dicho microorganismo genera resistencia a distintos tratamientos realizados con antibi&#xF3;ticos, surge como alternativa para su erradicaci&#xF3;n el uso de bacterias probi&#xF3;ticas como lo son las bacterias &#xE1;cido l&#xE1;cticas, pues existe evidencia de que cepas del g&#xE9;nero Lactobacillus y Bifidobacterium tienen la capacidad de inhibir a la bacteria de estudio. En la presente investigaci&#xF3;n, a partir de distintos productos alimenticios, se logr&#xF3; aislar 24 cepas de bacterias &#xE1;cido l&#xE1;cticas a trav&#xE9;s de la evaluaci&#xF3;n de crecimiento macrosc&#xF3;pico, actividad oxidasa y catalasa, tinci&#xF3;n de Gram, movilidad y crecimiento en condiciones anaerobias. S&#xF3;lo cuatro fueron seleccionadas, despu&#xE9;s de las pruebas de resistencia en medios hostiles como pH 3 y 0.30 % de sales biliares. Dichos aislamientos de bacterias &#xE1;cido l&#xE1;cticas mostraron actividad antimicrobiana sobre Helicobacter pylori cuando se redujo su proceso fermentativo desarroll&#xE1;ndolos en un medio con baja concentraci&#xF3;n de dextrosa, siendo el mejor tratamiento un cultivo multiespecie de aislamientos derivados de col fermentada y k&#xE9;fir --</subfield>
  </datafield>
  <datafield tag="520" ind1="3" ind2=" ">
    <subfield code="a">Helicobacter pylori is considered to be among the major pathogenic bacterium responsible for gastrointestinal chronic diseases in humans. It has infected around 75% of the population in emerging countries. In recent years, H. pylori has gradually developed antibiotic resistance making it more challenging for physicians to treat diseases caused by this particular bacterium as it can generate undesired side effects of clinical therapy as well as the treatment is difficult to afford. For these reasons, there is an urgent need to research, create and develop different alternative solutions to prevent and treat diseases from H. pylori. Recently, different studies have demonstrated that the use and ingest of probiotics (lactic acid producing bacteria) such as Lactobacillus and Bifidobacterium have the ability to inhibit H. pylori. In this study, different types of edible products (raw milk, k&#xE9;fir, sauerkraut and two commercial fermented milk) were used as source for isolating lactic acid bacteria. From this, a total of 24 lactic acid strains were isolated taking into account their catalase and oxidase activity, Gram stain and anaerobically. Nonetheless, only four lactic acid bacteria strains were carefully selected after being tested for resistance and tolerance to acidifying activity, low pH values and bile salts for instance acidic pH of 3 and low bile salt concentration (0.30 %). The results demonstrated that the lactic acid bacteria strain isolated from the mix of cabbage and fermented milk (k&#xE9;fir) showed the highest antibacterial activity, thus, inhibiting H. pylori</subfield>
  </datafield>
  <datafield tag="650" ind1="1" ind2="3">
    <subfield code="a">Bacterias del &#xE1;cido l&#xE1;ctico  </subfield>
    <subfield code="2">atg</subfield>
  </datafield>
  <datafield tag="650" ind1="1" ind2="3">
    <subfield code="a">Helicobacter pylori  </subfield>
    <subfield code="2">atg</subfield>
  </datafield>
  <datafield tag="650" ind1="1" ind2="3">
    <subfield code="a">T&#xE9;cnicas de aislamiento  </subfield>
    <subfield code="2">atg</subfield>
  </datafield>
  <datafield tag="650" ind1="1" ind2="3">
    <subfield code="a">Propiedades antibacterianas  </subfield>
    <subfield code="2">atg</subfield>
  </datafield>
  <datafield tag="650" ind1="1" ind2="3">
    <subfield code="a">Antibacterial properties  </subfield>
    <subfield code="2">atg</subfield>
  </datafield>
  <datafield tag="650" ind1="1" ind2="3">
    <subfield code="a">Isolation techniques</subfield>
    <subfield code="2">atg</subfield>
  </datafield>
  <datafield tag="650" ind1="1" ind2="3">
    <subfield code="a">Lactic acid bacteria  </subfield>
    <subfield code="2">atg</subfield>
  </datafield>
  <datafield tag="700" ind1="1" ind2=" ">
    <subfield code="a">Mart&#xED;nez Romero, Salvador</subfield>
    <subfield code="e">director</subfield>
  </datafield>
  <datafield tag="700" ind1="1" ind2=" ">
    <subfield code="a">Esparza Torres, F&#xE9;lix</subfield>
    <subfield code="e">asesor</subfield>
  </datafield>
  <datafield tag="700" ind1="1" ind2=" ">
    <subfield code="a">Ybarra Moncada, Ma. Carmen</subfield>
    <subfield code="e">asesora</subfield>
  </datafield>
  <datafield tag="856" ind1="4" ind2="1">
    <subfield code="u">http://10.13.5.2/tesis/sist112979.pdf</subfield>
    <subfield code="y">DESCARGAR PDF</subfield>
  </datafield>
  <datafield tag="901" ind1=" " ind2=" ">
    <subfield code="a">TESIS J83 2016</subfield>
  </datafield>
  <datafield tag="902" ind1=" " ind2=" ">
    <subfield code="a">M</subfield>
  </datafield>
  <datafield tag="905" ind1=" " ind2=" ">
    <subfield code="a">5232272016                          mx nmdl8223123322spa16</subfield>
  </datafield>
  <datafield tag="942" ind1=" " ind2=" ">
    <subfield code="c">TESIS</subfield>
    <subfield code="2">Clasificaci&#xF3;n Universidad Aut&#xF3;noma Chapingo</subfield>
  </datafield>
  <datafield tag="999" ind1=" " ind2=" ">
    <subfield code="c">172387</subfield>
    <subfield code="d">172387</subfield>
  </datafield>
  <datafield tag="952" ind1=" " ind2=" ">
    <subfield code="0">0</subfield>
    <subfield code="1">0</subfield>
    <subfield code="2">local</subfield>
    <subfield code="4">0</subfield>
    <subfield code="5">1</subfield>
    <subfield code="7">0</subfield>
    <subfield code="8">TESIS</subfield>
    <subfield code="a">IA_</subfield>
    <subfield code="b">IA_</subfield>
    <subfield code="d">2022-01-18</subfield>
    <subfield code="e">El autor</subfield>
    <subfield code="l">0</subfield>
    <subfield code="o">Tesis J83 2016</subfield>
    <subfield code="p">1101010375</subfield>
    <subfield code="r">2022-01-18 00:00:00</subfield>
    <subfield code="t">Ej. 2</subfield>
    <subfield code="w">2022-01-18</subfield>
    <subfield code="y">CD</subfield>
  </datafield>
  <datafield tag="952" ind1=" " ind2=" ">
    <subfield code="0">0</subfield>
    <subfield code="1">0</subfield>
    <subfield code="2">local</subfield>
    <subfield code="4">0</subfield>
    <subfield code="5">1</subfield>
    <subfield code="7">0</subfield>
    <subfield code="8">TESIS</subfield>
    <subfield code="a">IA_</subfield>
    <subfield code="b">IA_</subfield>
    <subfield code="d">2022-01-18</subfield>
    <subfield code="e">El autor</subfield>
    <subfield code="l">0</subfield>
    <subfield code="o">Tesis J83 2016</subfield>
    <subfield code="p">1101010374</subfield>
    <subfield code="r">2026-02-02 00:00:00</subfield>
    <subfield code="t">Ej. 1</subfield>
    <subfield code="w">2022-01-18</subfield>
    <subfield code="y">TESIS</subfield>
  </datafield>
  <datafield tag="952" ind1=" " ind2=" ">
    <subfield code="0">0</subfield>
    <subfield code="1">0</subfield>
    <subfield code="2">local</subfield>
    <subfield code="4">0</subfield>
    <subfield code="7">0</subfield>
    <subfield code="8">TesDigL</subfield>
    <subfield code="a">IA_</subfield>
    <subfield code="b">IA_</subfield>
    <subfield code="c">E_L</subfield>
    <subfield code="d">2024-08-09</subfield>
    <subfield code="e">El autor</subfield>
    <subfield code="l">0</subfield>
    <subfield code="p">1201010374</subfield>
    <subfield code="r">2024-08-09 11:54:50</subfield>
    <subfield code="w">2024-08-09</subfield>
    <subfield code="y">TD</subfield>
  </datafield>
</record>
